000 00448nam a2200181Ia 4500
008 131103s9999 xx 000 0 und d
020 _a0 8317 0482 9
040 _aLoreto College
041 _aEnglish
082 _aREF
_bLCBED/10888
245 _aAtlas of discovery
260 _aNew York
_bgallery Books
_c1989
300 _a192p.
_b ill., maps
_c 27cm.
504 _aIncludes index
650 _aAtlas
850 _aLCBED/REF
942 _cBK
999 _c31052
_d81531